Normal view
MARC view
- Sciavicco, L
Entry Personal Name
001 - CONTROL NUMBER
- control field: 84779
003 - CONTROL NUMBER IDENTIFIER
- control field: NUST
005 - DATE AND TIME OF LATEST TRANSACTION
- control field: 20211122093627.0
008 - FIXED-LENGTH DATA ELEMENTS
- fixed length control field: 211122|| aca||aabn | a|a d
040 ## - CATALOGING SOURCE
- Original cataloging agency: NUST
- Transcribing agency: NUST
100 ## - HEADING--PERSONAL NAME
- Personal name: Sciavicco, L
670 ## - SOURCE DATA FOUND
- Source citation: Work cat.: (NUST)33945: Sciavicco, L., Modelling and Control Of Robot Manipulators, 2007.
